000 004630000a22001810004500
003 LK-CoMWRAF
008 230817t ||||| |||| 00| 0 eng d
020 _a1853686735
040 _aLK-CoMWRAF
_dLK-CoMWRAF
_eLK-CoMWRAF
041 _aeng
082 _a800
_bWIL
245 _aQuick Quilts
_bTo make in a Weekend
260 _bNew Holland
_aLondon
_c1997
300 _ap.144
650 _aTraining Materials
700 _aWilkinson,, Rosemary
_eed.
942 _cBK
999 _c2185
_d2185